El porvenir de México y sus relaciones con Estados Unidos / (Record no. 140237)

MARC details
000 -LEADER
campo de control de longitud fija 00686nam a2200205 i 4500
001 - NÚMERO DE CONTROL
campo de control 140237
003 - IDENTIFICADOR DE NÚMERO DE CONTROL
campo de control ES-MaACL
005 - FECHA Y HORA DE LA ÚLTIMA TRANSACCIÓN
campo de control 20250830234019.0
007 - CAMPO FIJO DE DESCRIPCIÓN FÍSICA--INFORMACIÓN GENERAL
campo de control de longitud fija t|
008 - DATOS DE LONGITUD FIJA--INFORMACIÓN GENERAL
campo de control de longitud fija 070214s1914 mx r ||||1| spa d
100 1# - ENTRADA PRINCIPAL--NOMBRE DE PERSONA
Nombre de persona Schulz, Enrique E.
9 (RLIN) 104791
245 13 - MENCIÓN DEL TÍTULO
Título El porvenir de México y sus relaciones con Estados Unidos /
Mención de responsabilidad, etc. Enrique E. Schulz.
260 ## - PUBLICACIÓN, DISTRIBUCIÓN, ETC.
Lugar de publicación, distribución, etc. México :
Nombre del editor, distribuidor, etc. [s.n.],
Fecha de publicación, distribución, etc. 1914 (
Fabricante Tip. Económica)
300 ## - DESCRIPCIÓN FÍSICA
Extensión 59 p. ;
Dimensiones 23 cm.
651 #4 - PUNTO DE ACCESO ADICIONAL DE MATERIA--NOMBRE GEOGRÁFICO
Nombre geográfico México-
Subdivisión general Situación económica.
9 (RLIN) 150095
651 #4 - PUNTO DE ACCESO ADICIONAL DE MATERIA--NOMBRE GEOGRÁFICO
Nombre geográfico Estados Unidos-
Subdivisión general Relaciones-
Subdivisión geográfica México
9 (RLIN) 8565
651 #4 - PUNTO DE ACCESO ADICIONAL DE MATERIA--NOMBRE GEOGRÁFICO
Nombre geográfico México-
Subdivisión general Relaciones-
Subdivisión geográfica Estados Unidos.
9 (RLIN) 9074
852 ## - LOCALIZACIÓN
Ubicación ES-MaACL
Número de control de estantería 1535-F-16
Holdings
Estatus retirado Estado de pérdida Estado de daño No para préstamo Colección Biblioteca de origen Biblioteca actual Ubicación en estantería Fecha de adquisición Fuente de adquisición Total de préstamos Signatura topográfica completa Código de barras Visto por última vez Precio de reemplazo Tipo de ítem Koha
        Colección de folletos Biblioteca del Ateneo de Madrid Biblioteca del Ateneo de Madrid Depósito folletos 17/01/2008     1535-F-16 1145934 23/02/2023 23/02/2023 Folleto